000 00405nam a2200145Ia 4500
008 151021s9999 xx 000 0 und d
020 _a30099447
050 _aGF 601 .B 1988
245 _a_The Science of Ecology / Brewer Richard
260 _aNew York : Saunders College , 1988
300 _axxiv,922 p.
500 _aIncludes index
650 _a_Ecology
980 _a^d20110718 12:18:11^okilerai
999 _c7965
_d7965